000
00273nam a2200097Ia 4500
005
20250424112908.0
008
250424s9999 xx 000 0 und d
300
_a
ii, 238 p. ; 25 cm.
650
_a
Law--Nigeria--Periodicals. Law reports, digests, etc.--Nigeria.
942
_c
SR
999
_c
37745
_d
37745